000 00396nam a2200145Ia 4500
008 230711s9999||||xx |||||||||||||| ||und||
041 _aENG
082 _a621
_bHA-E
100 _aHambley,Allan R
245 0 _aElectrical Engineering : principles and application
250 _a1st Ed.
260 _c2003
_aNew Delhi
_bPHI Learning Private Limited
650 _aElectrical Engineering
942 _cBK
999 _c4068
_d4068